MARC details
| 000 -LEADER |
| fixed length control field |
01143cam a2200313 a 4500 |
| 001 - CONTROL NUMBER |
| control field |
1543972 |
| 003 - CONTROL NUMBER IDENTIFIER |
| control field |
OSt |
| 005 - DATE AND TIME OF LATEST TRANSACTION |
| control field |
20160617122137.0 |
| 008 - FIXED-LENGTH DATA ELEMENTS--GENERAL INFORMATION |
| fixed length control field |
910917s1992 nyua bf 001 0 eng c |
| 010 ## - LIBRARY OF CONGRESS CONTROL NUMBER |
| LC control number |
91036234 |
| 020 ## - INTERNATIONAL STANDARD BOOK NUMBER |
| International Standard Book Number |
091886304X |
| 040 ## - CATALOGING SOURCE |
| Original cataloging agency |
SEKU |
| 050 00 - LIBRARY OF CONGRESS CALL NUMBER |
| Classification number |
RC 480.55 |
| Item number |
.B45 1992 |
| 100 1# - MAIN ENTRY--PERSONAL NAME |
| Personal name |
Bellak, Leopold, |
| Dates associated with a name |
1916- |
| 245 10 - TITLE STATEMENT |
| Title |
Handbook of intensive brief and emergency psychotherapy (B.E.P.) / |
| Statement of responsibility, etc. |
by Leopold Bellak, with David M. Abrams and Ruby Ackermann-Engel. |
| 250 ## - EDITION STATEMENT |
| Edition statement |
2nd and rev. ed. |
| 260 ## - PUBLICATION, DISTRIBUTION, ETC. (IMPRINT) |
| Place of publication, distribution, etc. |
Larchmont, NY : |
| Name of publisher, distributor, etc. |
C.P.S., |
| Date of publication, distribution, etc. |
c1992. |
| 300 ## - PHYSICAL DESCRIPTION |
| Extent |
257 p. : |
| Other physical details |
ill. ; |
| Dimensions |
22 cm. |
| 504 ## - BIBLIOGRAPHY, ETC. NOTE |
| Bibliography, etc |
Includes bibliographical references (p. 244-252) and indexes. |
| 650 #0 - SUBJECT ADDED ENTRY--TOPICAL TERM |
| Topical term or geographic name as entry element |
Brief psychotherapy |
| General subdivision |
Handbooks, manuals, etc. |
| 650 #0 - SUBJECT ADDED ENTRY--TOPICAL TERM |
| Topical term or geographic name as entry element |
Psychiatric emergencies |
| General subdivision |
Handbooks, manuals, etc. |
| 650 #0 - SUBJECT ADDED ENTRY--TOPICAL TERM |
| Topical term or geographic name as entry element |
Crisis intervention (Mental health services) |
| General subdivision |
Handbooks, manuals, etc. |
| 650 #2 - SUBJECT ADDED ENTRY--TOPICAL TERM |
| Topical term or geographic name as entry element |
Crisis Intervention |
| General subdivision |
handbooks. |
| 650 #2 - SUBJECT ADDED ENTRY--TOPICAL TERM |
| Topical term or geographic name as entry element |
Emergencies |
| General subdivision |
handbooks. |
| 650 #2 - SUBJECT ADDED ENTRY--TOPICAL TERM |
| Topical term or geographic name as entry element |
Psychotherapy, Brief |
| General subdivision |
methods |
| -- |
handbooks. |
| 700 1# - ADDED ENTRY--PERSONAL NAME |
| Personal name |
Abrams, David M. |
| 700 2# - ADDED ENTRY--PERSONAL NAME |
| Personal name |
Ackermann-Engel, Ruby, |
| Dates associated with a name |
1965- |
| 942 ## - ADDED ENTRY ELEMENTS (KOHA) |
| Source of classification or shelving scheme |
Library of Congress Classification |
| Koha item type |
General circulation |